Loading...
| Science - Other | 3 | 4 | 4 | 0 | 65 | 38 | 83.29 | 2 | 6 | 0.00 | 0.00 |
| Science - Physics | 1 | 4 | 3 | 2 | 40 | 46 | 95.80 | 0 | 2 | 0.00 | 0.00 |
| Other Academic | 0 | 3 | 1 | 1 | 25 | 69 | 106.00 | 0 | 1 | 0.00 | 0.00 |
| Science - Chemistry | 1 | 0 | 0 | 0 | 15 | 66 | 66.00 | 1 | 1 | 0.00 | 0.00 |
| Beliefs | 0 | 1 | 0 | 0 | 10 | 160 | 160.00 | 0 | 0 | 0.00 | 0.00 |
| Modern World | 0 | 1 | 0 | 0 | 10 | 125 | 125.00 | 0 | 0 | 0.00 | 0.00 |
| Philosophy | 0 | 2 | 2 | 0 | 10 | 136 | 136.50 | 0 | 0 | 0.00 | 0.00 |
| Social Science | 0 | 1 | 0 | 0 | 10 | 105 | 105.00 | 0 | 1 | 0.00 | 0.00 |
| Science - Biology | 0 | 1 | 1 | 0 | 5 | 130 | 130.00 | 0 | 0 | 0.00 | 0.00 |
| Science - Astronomy | 0 | 0 | 0 | 0 | 0 | 0.00 | 0 | 0 | 0.00 | 0.00 | |
| Literature - World | 0 | 0 | 0 | 0 | 0 | 0.00 | 0 | 0 | 0.00 | 0.00 | |
| History - European | 0 | 0 | 1 | 0 | -5 | 0.00 | 0 | 0 | 0.00 | 0.00 |